| 000 | 00554nab a2200193 a 4500 | ||
|---|---|---|---|
| 005 | 20210219161436.0 | ||
| 008 | 991125s1985 mx 000 0 spa u | ||
| 035 | _aUPN01000185005 | ||
| 100 | 1 | _aBausela Herreras, Esperanza | |
| 222 | _aREVISTA DE CIENCIAS DE LA EDUCACION | ||
| 245 | _aEstudio de algunas formas abreviadas del wais-III | ||
| 260 | _aMadrid, EspaƱa | ||
| 300 | _a494-511 | ||
| 362 | 0 | _a2011 No. 228, oct.-dic. | |
| 653 | 0 | _aESCALA VERBAL | |
| 653 | 0 | _aESCALA MANIPELATIVA | |
| 653 | 0 | _aCOMPRENSION VERBAL | |
| 905 | _aArticulo | ||
| 999 |
_c157108 _d157108 |
||